S O S : Poems 1961-2013 / Amiri Baraka ; selected ... Read More
Available copies
- 2 of 2 copies available at LARL/NWRL Consortium.
- 2 of 2 copies available at Lake Agassiz Regional Library. (Show preferred library)
Current holds
0 current holds with 2 total copies.
Show Only Available Copies
| Location | Call Number / Copy Notes | Barcode | Shelving Location | Status | Due Date |
|---|---|---|---|---|---|
| Detroit Lakes Public Library | 811.54 BAR (Text) | 33500012014346 | Main | Available | - |
| Moorhead Public Library | 811.54 BAR (Text) | 33500012014338 | Main | Available | - |
Record details
- ISBN: 9780802123350
- ISBN: 080212335X
- Physical Description: xxviii, 531 pages ; 24 cm
- Edition: First edition.
- Publisher: New York : Grove Press, [2014].
Content descriptions
| General Note: | Includes index. |
| Summary, etc.: | Fusing the personal and the political in ... Read More |
Search for related items by subject
| Subject: | African American men > Poetry. American poetry > 20th century. American poetry > 21st century. |
| LDR | 01947cam a2200421Ii 4500 | ||
|---|---|---|---|
| 001 | 175078 | ||
| 003 | LARL_NWRL_CONSORTIUM | ||
| 005 | 20150302152319.0 | ||
| 008 | 140628s2014 nyu 001 p eng d | ||
| 020 | . | ‡a9780802123350 | |
| 020 | . | ‡a080212335X | |
| 035 | . | ‡a(OCoLC)881666051 | |
| 040 | . | ‡aBTCTA ‡beng ‡erda ‡cBTCTA ‡dBDX ‡dEXR ‡dYDXCP ‡dNYP ‡dUOK | |
| 050 | 4. | ‡aPS3552.A583 ‡bA6 2014 | |
| 082 | 0 | 4. | ‡a811.54 ‡223 |
| 100 | 1 | . | ‡aBaraka, Amiri, ‡d1934-2014, ‡epoet. |
| 245 | 1 | 0. | ‡aS O S : ‡bPoems 1961-2013 / ‡cAmiri Baraka ; selected by Paul Vangelisti. |
| 246 | 3 | . | ‡aS.O.S. |
| 246 | 3 | 0. | ‡aSOS |
| 250 | . | ‡aFirst edition. | |
| 260 | . | ‡aNew York : ‡bGrove Press, ‡c[2014]. | |
| 260 | . | ‡c©2014. | |
| 300 | . | ‡axxviii, 531 pages ; ‡c24 cm | |
| 336 | . | ‡atext ‡btxt ‡2rdacontent | |
| 337 | . | ‡aunmediated ‡bn ‡2rdamedia | |
| 338 | . | ‡avolume ‡bnc ‡2rdacarrier | |
| 500 | . | ‡aIncludes index. | |
| 520 | . | ‡aFusing the personal and the political in high-voltage verse, Amiri Baraka--"whose long illumination of the black experience in America was called incandescent in some quarters and incendiary in others" (New York Times)--was one of the preeminent literary innovators of the past century. Selected by Paul Vangelisti, this volume comprises the fullest spectrum of Baraka's rousing, revolutionary poems, from his first collection to previously unpublished pieces composed during his final years. | |
| 650 | 0. | ‡aAfrican American men ‡vPoetry. ‡0(LARL_NWRL_CONSORTIUM)170483 | |
| 650 | 0. | ‡aAmerican poetry ‡y20th century. ‡0(LARL_NWRL_CONSORTIUM)13413 | |
| 650 | 0. | ‡aAmerican poetry ‡y21st century. ‡0(LARL_NWRL_CONSORTIUM)163336 | |
| 700 | 1 | . | ‡aVangelisti, Paul, ‡eeditor. |
| 948 | . | ‡hNO HOLDINGS IN LAL - 153 OTHER HOLDINGS | |
| 994 | . | ‡aZ0 ‡bLAL | |
| 901 | . | ‡a175078 ‡bOCLC ‡c175078 ‡tbiblio | |

Add to basket
Permalink
Disable Highlighting